000 00431nam a22001457a 4500
999 _c99688
_d99688
005 20191123084933.0
008 171030b xxu||||| |||| 00| 0 eng d
040 _cPK-LaUMT
082 _aPKAC 297.0722
_bHAB-M
100 _aHabib ur Rehman Siddiqi
245 _aMazhabi dastanein aur unki haqeeqat/
_cHabib ur Rehman Siddiqi
260 _aکراچی:
_bالرحمن پبلشنگ ٹرسٹ،
_c1987
300 _a452 ص
942 _cBK